| 000 | 00952nam a22002295i 4500 | ||
|---|---|---|---|
| 001 | 154482 | ||
| 003 | ES-MaACL | ||
| 005 | 20230906205740.0 | ||
| 008 | 980910s1891 sp |||| | cat d | ||
| 080 | _a398(460.23):58 | ||
| 080 | _a811.134.1'373.22:58(460.23) | ||
| 100 | 1 |
_aGomis i Mestre, Cels. _958207 |
|
| 245 | 1 | 0 |
_aBotánica popular : _bab gran nombre de confrontacions / _cper Cels Gomis. |
| 260 |
_aBarcelona : _bÁlvar Verdaguer, _c1891. |
||
| 300 |
_a157 p. ; _c17 cm. |
||
| 490 | 1 |
_aFolk-lore catalá: biblioteca popular de la Associació d'Excursions Catalana ; _v6 |
|
| 650 | 4 |
_aPlantas- _xNombres vulgares- _zCataluña. _9141825 |
|
| 710 | 2 |
_aAssociació d'Excursions Catalana. _9134144 |
|
| 830 | 1 |
_aFolk-lore catalá: biblioteca popular de la Associació d'Excursions Catalana ; _v6 _9221494 |
|
| 852 | 4 |
_aES-MaACL _jT-762-F-5 _z- Enc. hol., conservando cub. original _z- Enc. en un vol. facticio |
|
| 999 |
_c154482 _d154482 |
||